[Event "Amsterdam Science Park op-B 3rd"]
[Site "Amsterdam"]
[Date "2013.07.10"]
[Round "5"]
[White "Van der Eijk, Dick"]
[Black "Littel, Leo"]
[Result "1/2-1/2"]
[WhiteElo "1913"]
[BlackElo "1983"]
[PlyCount "73"]
[EventDate "2013.07.06"]
[EventType "swiss"]
[EventRounds "9"]
[EventCountry "NED"]
[SourceTitle "CBM 155 Extra"]
[Source "ChessBase"]
[SourceDate "2013.08.26"]
[SourceVersion "1"]
[SourceVersionDate "2013.08.26"]
[SourceQuality "1"]

1. c4 c5 2. g3 g6 3. Bg2 Bg7 4. Nc3 Nc6 5. e4 e6 6. Nge2 Nge7 7. d3 d6 8. 0-0 0-0 9. Be3 Nd4 10. Qd2 Nec6 11. f4 Rb8 12. Rab1 b6 13. g4 f5 14. h3 Bb7 15. a3 Nxe2+ 16. Nxe2 Nd4 17. Nxd4 cxd4 18. Bf2 e5 19. Bg3 Qd7 20. gxf5 gxf5 21. fxe5 dxe5 22. Rxf5 Rxf5 23. exf5 Qxf5 24. Rf1 Qg6 25. Kh2 Bxg2 26. Kxg2 Re8 27. Re1 e4 28. dxe4 Rxe4 29. Qd3 Rxe1 30. Qxg6 hxg6 31. Bxe1 d3 32. Bd2 Bxb2 33. a4 Kf7 34. Kf3 Ke6 35. Ke4 Kd6 36. Bb4+ Ke6 37. Kxd3 1/2-1/2

[Event "Amsterdam Science Park op-B 3rd"]
[Site "Amsterdam"]
[Date "2013.07.06"]
[Round "1"]
[White "De Heer, Henk JJ"]
[Black "Littel, Leo"]
[Result "0-1"]
[WhiteElo "1842"]
[BlackElo "1983"]
[PlyCount "90"]
[EventDate "2013.07.06"]
[EventType "swiss"]
[EventRounds "9"]
[EventCountry "NED"]
[SourceTitle "CBM 155 Extra"]
[Source "ChessBase"]
[SourceDate "2013.08.26"]
[SourceVersion "1"]
[SourceVersionDate "2013.08.26"]
[SourceQuality "1"]

1. e4 c5 2. Nf3 e6 3. d4 cxd4 4. Nxd4 a6 5. Be3 Nf6 6. Nc3 Qc7 7. Be2 Nc6 8. 0-0 Be7 9. a4 0-0 10. f4 d6 11. Qe1 Re8 12. Qg3 Bd7 13. f5 Nxd4 14. Bxd4 e5 15. Be3 Kh8 16. a5 Bc6 17. Bd3 d5 18. Bb6 Qd6 19. exd5 Bxd5 20. Rad1 Qc6 21. Nxd5 Qxd5 22. Kh1 e4 23. Be2 Qc6 24. c3 Bc5 25. Bxc5 Qxc5 26. b4 Qe7 27. Rd4 Rad8 28. Rfd1 h6 29. Bc4 Rxd4 30. Rxd4 Rd8 31. Qe3 Rxd4 32. Qxd4 e3 33. Be2 Qe4 34. Qxe4 Nxe4 35. c4 Nc3 36. Bd3 e2 37. Bxe2 Nxe2 38. b5 Kg8 39. g4 Kf8 40. Kg2 Ke7 41. Kf3 Nc3 42. bxa6 bxa6 43. Ke3 Kd6 44. Kd4 Na4 45. h4 f6 0-1